000 00880nas a2200277 4500
001 BR9214294
003 BR-BrBNA
005 20231205093609.0
007 ta
008 230509b bl.|||p| |||| 00| 00por d
040 _aBR-BrBNA
_bpor
_cBiblioteca Nacional de Agricultura
041 _a(Pt)
072 _aF62
100 1 _aGuerra, C.C.
100 1 _aDaud, C.E.
100 1 _aRizzon, L.A.
245 1 _aEvolucao dos teores dos acidos tartaricos e malico durante a maturacao de uvas tintas
246 1 _aEvolution of tartaric and malic acids levels during red grapes' maturation
650 _aUva
650 _aMaturacao
650 _aAcido Organico
650 _aCromatografia
773 0 _tPesquisa Agropecuaria Brasileira (Brazil)
_xISSN 0100-204X
_g(Mar 1992), v. 27(3) p. 479-591
_wBR9214294
909 _a202311
_bLúcia
_c55
_dLúcia Elande
942 _2AGRIS
_n0
_cANA
999 _c139381
_d139381